| 000 | 00744nam a2200241Ia 4500 | ||
|---|---|---|---|
| 003 | OSt | ||
| 005 | 20230918153544.0 | ||
| 008 | 210716s2002 xx 000 0 und d | ||
| 020 | _a8126502851 | ||
| 040 | _cAIMIT LIBRARY | ||
| 041 | _aeng | ||
| 082 |
_a005.44 _22 _bMCKL |
||
| 100 |
_aMckinnon, Linda. _9132350 |
||
| 245 |
_aInstalling and administering linux / _cby Linda McKinnon and Ai McKinnon. |
||
| 250 | _a2nd ed. | ||
| 260 |
_aNew Delhi : _bJohn Wiley & sons , _c2002. |
||
| 300 |
_axv,522 p.; _c25 cm. |
||
| 650 |
_aGetting started using the linux system _9132351 |
||
| 650 |
_aUsing files in linux _9132352 |
||
| 650 |
_aBasic linux utilities _9132353 |
||
| 700 |
_aMcKinnon, Ai. _9132354 |
||
| 942 |
_2ddc _cBK _e2nd _k005.44 MCKL |
||
| 999 |
_c185187 _d185187 |
||